000 00444nam a22001697a 4500
999 _c961
_d961
005 20210927120555.0
008 160517b xxu||||| |||| 00| 0 eng d
020 _a978-81-272-5704-0
041 _aeng
082 _b2630
_a346.07
100 _aK.C.Garg, V.K. Sareen, Mukesh Sharma, R.K. Chawla
_9720
245 _aMercantile Law
260 _aNew Delhi
_bKalyani Publishing,
_c1984
300 _a1307
650 _aManagement
_9241
942 _cBK